Exploring modern mathematics; book 3 /

Guardado en:
Autor Principal: Keedy, Mervin
Formato: Libro
Publicado: Estados Unidos de América : Holt, Rinehart and Winston, 1963
Materias:
Etiquetas: Agregar Etiqueta
Sin Etiquetas, Sea el primero en etiquetar este registro!
LEADER 00497nam a22001695a 4500
001 CEM.cems003569
005 19000101000000.0
008 130507s1963##################000#0#####d
003 CEMS
082 0 4 |a 510 
100 1 |a Keedy, Mervin 
245 1 0 |a Exploring modern mathematics; book 3 / 
260 |a Estados Unidos de América :  |b Holt, Rinehart and Winston,  |c 1963 
300 |a 499 p. 
653 |a Matematica 
653 |a Matematica 3er. año 
859 |a CEMS  |b BIB. CEMS - 11 de abril  |h 510  |i K241  |p 12044.83  |t Ej.1